000 nam a22 a 4500
999 _c431
_d431
003 AKMAL
005 20170503162052.0
008 900911s1990 my 00 may d
020 _a9839620150 (kkt.):
_cRgt. 15.00
040 _aAKMAL
_cAKMAL
049 _amal
082 0 4 _a070.44 TUA
090 2 0 _a070.44
_bTUA
100 _aH. M. Tuah Iskandar,
_cDr.,
_d1960-
_91001
245 1 0 _aKewartawanan Islam dicabar, tercabar, mencabar /
_cH.M. Tuah Iskandar (Fadilah bin Ithnin)
260 _aKuala Lumpur :
_bKarya Media Pub.,
_c1990
300 _axxxii,33-345ms. :
_bil. ;
_c21cm
504 _aBibliografi : ms. 329-330
650 _aMass media
_xMoral and religious aspects
_xIslam
_91002
650 _aMass media in religion
_91003
942 _2ddc
_cBOOK